000 00301nam a2200097Ia 4500
082 _aJ R 912 READ
245 0 _aThe Reader's digest children's atlas of the world
100 _a Sale, Colin Pleasantville, NY, 2003 New 3rd ed
_941691
942 _cBK
008 210817s9999 xx 000 0 und d
999 _c142595
_d142594